Sports Quiz

Random Sports or NBA Quiz

NBA Top 100 Scoring Seasons Since 2000 Quiz Stats

 Plays Quiz Updated Apr 16, 2018

Challenge
Share
Tweet
Embed
Score 0/100 Timer 08:00
38 Plays Today
Team Player % Correct
Los Angeles LakersKobe Bryant
99.6%
Los Angeles LakersKobe Bryant
99.6%
Los Angeles LakersKobe Bryant
99.6%
Los Angeles LakersKobe Bryant
99.6%
Los Angeles LakersKobe Bryant
99.6%
Los Angeles LakersKobe Bryant
99.6%
Los Angeles LakersKobe Bryant
99.6%
Los Angeles LakersKobe Bryant
99.6%
Los Angeles LakersKobe Bryant
99.6%
Los Angeles LakersKobe Bryant
99.6%
Cleveland CavaliersLeBron James
99.6%
Cleveland CavaliersLeBron James
99.6%
Cleveland CavaliersLeBron James
99.6%
Cleveland CavaliersLeBron James
99.6%
Cleveland CavaliersLeBron James
99.6%
Cleveland CavaliersLeBron James
99.6%
Miami HeatLeBron James
99.6%
Miami HeatLeBron James
99.6%
Miami Heat LeBron James
99.5%
Cleveland CavaliersLeBron James
99.5%
Cleveland CavaliersLeBron James
99.5%
Cleveland CavaliersLeBron James
99.5%
Oklahoma City ThunderKevin Durant
99%
Oklahoma City ThunderKevin Durant
99%
Oklahoma City ThunderKevin Durant
99%
Oklahoma City ThunderKevin Durant
98.9%
Oklahoma City ThunderKevin Durant
98.9%
Oklahoma City ThunderRussell Westbrook
98.3%
Oklahoma City ThunderRussell Westbrook
98.3%
Miami HeatDwyane Wade
98%
Miami HeatDwyane Wade
98%
Miami HeatDwyane Wade
98%
Miami HeatDwyane Wade
98%
Golden State WarriorsStephen Curry
96.9%
Team Player % Correct
Golden State WarriorsStephen Curry
96.9%
Houston RocketsJames Harden
96.3%
Philadelphia SixersAllen Iverson
95.9%
Philadelphia SixersAllen Iverson
95.9%
Philadelphia SixersAllen Iverson
95.9%
Philadelphia SixersAllen Iverson
95.9%
Denver NuggetsAllen Iverson
95.9%
Houston RocketsJames Harden
95.7%
Houston RocketsJames Harden
95.7%
Denver NuggetsCarmelo Anthony
95.4%
Denver NuggetsCarmelo Anthony
95.4%
Denver Nuggets/New York KnicksCarmelo Anthony
95.4%
Denver NuggetsCarmelo Anthony
95.4%
New York KnicksCarmelo Anthony
95.3%
Golden State WarriorsStephen Curry
95.2%
Dallas MavericksDirk Nowitzki
95.2%
Dallas MavericksDirk Nowitzki
95.2%
Dallas MavericksDirk Nowitzki
95.2%
Dallas MavericksDirk Nowitzki
95.2%
Dallas MavericksDirk Nowitzki
95.2%
Dallas MavericksDirk Nowitzki
95.2%
New York KnicksCarmelo Anthony
94.8%
Boston CelticsPaul Pierce
94.7%
Boston CelticsPaul Pierce
94.7%
Boston CelticsPaul Pierce
94.7%
Boston CelticsPaul Pierce
94.7%
Los Angeles LakersShaquille O'Neal
93.9%
Houston RocketsJames Harden
93.4%
Minnesota TimberwolvesKevin Garnett
93.1%
San Antonio SpursTim Duncan
92.9%
New Orleans PelicansAnthony Davis
91.9%
New Orleans PelicansAnthony Davis
91%
Oklahoma City ThunderRussell Westbrook
90.8%
Toronto RaptorsVince Carter
88.4%
Team Player % Correct
New Jersey NetsVince Carter
88.4%
New Jersey NetsVince Carter
88.4%
Houston RocketsJames Harden
88%
Orlando MagicTracy McGrady
87.7%
Orlando MagicTracy McGrady
87.7%
Houston RocketsTracy McGrady
87.7%
Orlando MagicTracy McGrady
87.7%
Seattle SupersonicsRay Allen
87.6%
Chicago BullsDerrick Rose
86.9%
Los Angeles ClippersBlake Griffin
86%
Portland Trail BlazersDamian Lillard
85.9%
Sacramento Kings/New Orleans PelicansDeMarcus Cousins
83.7%
Portland Trail BlazersDamian Lillard
82%
Toronto RaptorsDeMar DeRozan
80.4%
Phoenix SunsAmare Stoudemire
80.2%
Phoenix SunsAmare Stoudemire
80.2%
New York KnicksAmare Stoudemire
80.2%
Washington WizardsGilbert Arenas
80%
Washington WizardsGilbert Arenas
80%
Washington WizardsGilbert Arenas
80%
Boston CelticsIsaiah Thomas
79.9%
Minnesota TimberwolvesKarl-Anthony Towns
72.9%
Sacramento KingsChris Webber
68.5%
Milwaukee BucksGiannis Antetokounmpo
66.3%
Minnesota TimberwolvesKevin Love
64%
Minnesota TimberwolvesAndrew Wiggins
62.5%
Milwaukee BucksMichael Redd
60.3%
Golden State WarriorsMonta Ellis
56.4%
Sacramento KingsPeja Stojakovic
49.1%
Los Angeles ClippersElton Brand
49%
Detroit PistonsJerry Stackhouse
45.5%
Golden State WarriorsAntawn Jamison
37.7%

You're not logged in!

Compare scores with friends on all Sporcle quizzes.
OR
Log In

You Might Also Like...

Show Comments

Extras

Top Quizzes Today


Score Distribution

Your Account Isn't Verified!

In order to create a playlist on Sporcle, you need to verify the email address you used during registration. Go to your Sporcle Settings to finish the process.

Report this User

Report this user for behavior that violates our Community Guidelines.

Details: